| 000 | 00933cam a22003011 4500 | ||
|---|---|---|---|
| 001 | 75082 | ||
| 003 | BD-RjUL | ||
| 005 | 20211209082636.0 | ||
| 008 | 710519s1968 enkabch b 000 0 eng | ||
| 035 | _a(BD-RjUL)75300 | ||
| 040 |
_aDLC _cDLC _dDLC _beng |
||
| 041 | _aeng | ||
| 082 | 0 | 0 |
_a551.46162 _223 _bOCE 1968 |
| 245 | 1 | 0 |
_aOceans: an atlas-history of man's exploration of the deep / _cgeneral editor G. E. R. Deacon. |
| 250 | _a2nd ed. | ||
| 260 |
_aLondon, _bHamlyn, _c1968. |
||
| 300 |
_a297 p. _billus. (some col.), facsims. (some col.), maps (some col.), ports. _c29 cm. |
||
| 350 | _a30/- | ||
| 500 | _aCol. illus. on lining papers. | ||
| 504 | _aBibliography: p. 270-273. | ||
| 650 | 0 |
_aOcean. _9227053 |
|
| 700 |
_aDeacon, George, _d1906-1984. _9227055 |
||
| 906 |
_a7 _bcbc _corignew _du _encip _f19 _gy-gencatlg |
||
| 942 |
_2ddc _cBK |
||
| 999 |
_c75082 _d75082 |
||